000 00674nam a22002297a 4500
001 8065
003 FISKH
005 20250820110419.0
008 250820b cb ||||| |||| 00| 0 eng d
020 _a9780316605045
040 _aFISKH
_beng
_cFISKH
_dFISKH
050 _aPZ7.A6457 W
082 _a823.9
100 _aApperley, Dawn
245 _aWakey-Wakey :
_bA baby bunny board book /
_cDawn Apperley
260 _aNew York :
_bBloomsbury Books,
_c1999.
300 _a8 unnumbered pages :
_bcolor illustrations ;
_c24 cm
505 _aNP
520 _aTwo baby bunnies wake up, take a bath, get dressed, and share a hug.
942 _2ddc
_cBK
_n0
999 _c8065
_d8065